| 000 | 00622nam a22002057a 4500 | ||
|---|---|---|---|
| 005 | 20260603124354.0 | ||
| 010 | _aENG-148711 | ||
| 020 |
_a9788119670017 _c399.00 |
||
| 035 | _aEN-132243 | ||
| 037 | _bDBAD/PUB | ||
| 082 | _aN | ||
| 100 |
_aRohera, Prakash _989274 |
||
| 245 |
_aOne Life One Chance: _cPrakash Rohera _bTools and Tales for Inspired Living/ |
||
| 250 | _aFirst | ||
| 260 |
_aNew Delhi _bVitasta Publishing Pvt. Ltd _c2024 |
||
| 270 |
_a4348/4C, Ansari Road, Daryaganj, _bNew Delhi _e110002 _minfo@vitastapublishing.com |
||
| 300 |
_a179 p. _c21.5 cm(pb) |
||
| 700 | _980840 | ||
| 942 |
_2ddc _cEN _hN _mROH |
||
| 999 |
_c216472 _d216472 |
||